000 01306naa a22003257a 4500
001 BR8600881
003 BR-BrBNA
005 20250721154501.0
007 ta
008 250630b bl.|||m| |||| 00| 0 por d
040 _aBR-BrBNA
_bpor
_cBiblioteca Nacional de Agricultura
041 _a(Pt)
072 _aH60; H20
_b3930
090 _aH60 BR8600881
100 1 _aYorinori, J.T.
100 1 _aAssis, R. de
100 1 _aGazziero, D.L.P.
245 1 _aDeterminacao da distribuicao geografica de populacoes de Euphorbia heterophylla resistentes e suscetiveis a Helminthosporium sp.
246 1 _a[Determination of the Geographic distribution of populations of Euphorbia heterophylla resistant and sensitive to Helminthosporium sp.]
246 1 _a[Soybean research findings 1984/85]
500 _aResultados de pesquisa de soja 1984/85 Londrina, PR (Brasil): 1985. p. 323-324 (BR8600881-AMS)
773 0 _tResultados de pesquisa de soja 1984/85
_wH60 BR8600881
_gLondrina, PR (Brasil), 1985. p. 323-324
650 _aAMENDOIM BRAVO
650 _aDISTRIBUICAO GEOGRAFICA
650 _aFUNGO
650 _aCONTROLE BIOLOGICO
490 _aDocumentos - Centro Nacional de Pesquisa de Soja (Brazil)
_vno. 15
_xISSN 0101-5494
942 _cAMS
_2AGRIS
909 _a202506
_bLúcia
_c55
_dLúcia Elande
999 _c335096
_d335096